Educación popular y política en América Latina: foro-panel
Kaydedildi:
| Asıl Yazarlar: | , , |
|---|---|
| Materyal Türü: | Kitap |
| Dil: | İspanyolca |
| Baskı/Yayın Bilgisi: |
Santiago
CEAAL
1989
|
| Seri Bilgileri: | Serie educación popular y democracia. Consejo de Educación de Adultos de América Latina, 1
|
| Konular: | |
| Etiketler: |
Etiketle
Etiket eklenmemiş, İlk siz ekleyin!
|
MARC
| LEADER | 00000nam a2200000 a 4500 | ||
|---|---|---|---|
| 001 | UCX1709 | ||
| 003 | CL-VaPUC | ||
| 008 | 901023e19890000CL |||||||||||||||||spa|d | ||
| 082 | 0 | 4 | |a 370.194 |b VIO |2 21 |
| 100 | 0 | |a Vío Grossi, Francisco |e author |9 317323 | |
| 700 | 0 | |a Fals Borda, Orlando |e author |9 317324 | |
| 700 | 0 | |a Delpiano, Adriana |e author |9 317325 | |
| 245 | 1 | 0 | |a Educación popular y política en América Latina: foro-panel |
| 300 | |a 26 p | ||
| 942 | |c BK | ||
| 945 | |d 19901023 00:00:00 | ||
| 260 | |a Santiago |b CEAAL |c 1989 | ||
| 650 | 0 | |a Educación popular |9 308964 | |
| 651 | 0 | |a América Latina |9 255027 | |
| 583 | |a last modification |c 19901023 00:00:00 |k Rodrigo Vera | ||
| 490 | 0 | |a Serie educación popular y democracia. Consejo de Educación de Adultos de América Latina, 1 | |
| 999 | |c 222882 |d 222880 | ||
| 952 | |0 0 |1 0 |4 0 |6 370_194000000000000_VIO_1989 |7 0 |8 A |9 218172 |a BIBGIM |b BIBGIM |d 2019-11-15 |i 2870118 |o 370.194 VIO 1989 |p 2870118 |r 2025-01-15 |w 2019-11-15 |y BK |k SSL | ||